| 000 | 00808nam a2200265Ia 4500 | ||
|---|---|---|---|
| 001 | 18269 | ||
| 003 | GBCCL | ||
| 005 | 20241126110407.0 | ||
| 008 | 930115s1992 txu b 001 0 eng d | ||
| 035 | _a(OCoLC)27260478 | ||
| 040 |
_aBSC _cBSC _dLBB |
||
| 049 |
_aLBBK _v1 |
||
| 082 |
_a227.106 _bBES |
||
| 092 |
_a227.106 _bB561c |
||
| 092 | 0 |
_a227.106 _bB561, 1992 _220 |
|
| 100 | 1 |
_aBest, W. E. _9453 |
|
| 245 | 1 | 2 |
_aA comprehensive view of Romans / _cby W. E. Best. |
| 260 |
_aHouston, Tex. : _bSouth Belt Assembly of Christ, _cc1992. |
||
| 300 |
_a167 p. ; _c22 cm. |
||
| 500 | _aScripture index included. | ||
| 504 | _aIncludes bibliographical references (p. 166-167). | ||
| 505 | 1 | _aVol. 1 - Romans 1-3:20. | |
| 630 | 0 | 0 |
_aBible. _pN.T. _pRomans _xCriticism, interpretation, etc. _93484 |
| 942 |
_2ddc _cBK |
||
| 999 |
_c1697 _d1697 |
||